000 00911nam a2200253 i 4500
001 186171
003 ES-MaACL
005 20231204122909.0
008 160914s2015 sp cd |||| |bspa d
020 _a978-84-7560-049-9
080 _a1:929 Wittgenstein, Ludwig
100 1 _aBoero, Mario.
_9141908
245 1 0 _aVida, pensamiento y mística de Ludwig Wittgenstein /
_cMario Boero Vargas.
260 _aMadrid :
_bArcos,
_c2015.
300 _a279 p. :
_b1 retr., 1 gráf. ;
_c21 cm.
504 _aBibliografía: p. 253-275.
600 1 4 _aWittgenstein, Ludwig-
_xReligión.
_9137501
600 1 4 _aWittgenstein, Ludwig-
_xCrítica e interpretación.
_9117185
852 _aES-MaACL
_jN-6893
_9193224
_gDedicatoria autógrafa del autor
_hDonación: Mario Boero Vargas
903 _9141908
_aBoero, Mario
_ednr
942 _2udc
_cMONOGRAFIA
999 _c186171
_d186171